书目信息 |
| 题名: |
上海资源环境发展报告
|
|
| 作者: | 周冯琦 , 胡静 主编 | |
| 分册: | 2020 共建生态绿色长三角 | |
| 出版信息: | 北京 社会科学文献出版社 2020.04 |
|
| 页数: | 322页 | |
| 开本: | 24cm | |
| 丛书名: | 皮书系列 | |
| 单 册: | ||
| 中图分类: | X372.51 , X321.251 | |
| 科图分类: | ||
| 主题词: | 自然资源--zi ran zi yuan--研究报告--上海--2020 , 环境保护--huan jing bao hu--研究报告--上海--2020 | |
| 电子资源: | ||
| ISBN: | 978-7-5201-5978-4 | |
| 000 | 01663nam 2200361 450 | |
| 001 | 202020140325 | |
| 005 | 20200926181352.0 | |
| 010 | @a978-7-5201-5978-4@dCNY128.00 | |
| 100 | @a20200918d2020 em y0chiy50 ea | |
| 101 | 0 | @achi@deng@eeng |
| 102 | @aCN@b110000 | |
| 105 | @aak a 000yy | |
| 106 | @ar | |
| 200 | 1 | @a上海资源环境发展报告@Ashang hai zi yuan huan jing fa zhan bao gao@h2020@d= Annual report on resources and environment of Shanghai@h2020@i共建生态绿色长三角@f主编周冯琦, 胡静@zeng |
| 210 | @a北京@c社会科学文献出版社@d2020.04 | |
| 215 | @a322页@c图@d24cm | |
| 225 | 2 | @a皮书系列@Api shu xi lie |
| 300 | @a上海蓝皮书 No.14 “十二五”“十三五”国家重点图书出版规划项目 2020版 | |
| 314 | @a周冯琦, 上海社会科学院生态与可持续发展研究所所长, 上海市生态经济学会会长。胡静, 上海市环境科学研究院低碳经济研究中心主任, 高级工程师。 | |
| 320 | @a有书目 | |
| 330 | @a本书内容包括: 共建生态绿色长三角的挑战与建议、长三角环境协同治理结构的演变与展望、长三角资源效率提升的潜力与协同行为、长三角地区空间生态冲突演变与预警调控对策研究等。 | |
| 410 | 0 | @12001 @a皮书系列 |
| 510 | 1 | @aAnnual report on resources and environment of Shanghai@h2020@zeng |
| 516 | 1 | @a2020上海蓝皮书·资源环境@A2020 shang hai lan pi shu · zi yuan huan jing |
| 517 | 1 | @a共建生态绿色长三角@Agong jian sheng tai lv se chang san jiao |
| 606 | 0 | @a自然资源@Azi ran zi yuan@x研究报告@y上海@z2020 |
| 606 | 0 | @a环境保护@Ahuan jing bao hu@x研究报告@y上海@z2020 |
| 690 | @aX372.51@v5 | |
| 690 | @aX321.251@v5 | |
| 701 | 0 | @a周冯琦@Azhou feng qi@4主编 |
| 701 | 0 | @a胡静@Ahu jing@4主编 |
| 801 | 0 | @aCN@c20200529 |
| 905 | @a河南城建学院图书馆@dX372.51@eZ765 | |
| 上海资源环境发展报告.2020= Annual report on resources and environment of Shanghai.2020.共建生态绿色长三角/主编周冯琦, 胡静.-北京:社会科学文献出版社,2020.04 |
| 322页:图;24cm.-(皮书系列) |
| 上海蓝皮书 No.14 “十二五”“十三五”国家重点图书出版规划项目 2020版 |
| ISBN 978-7-5201-5978-4:CNY128.00 |
| 本书内容包括: 共建生态绿色长三角的挑战与建议、长三角环境协同治理结构的演变与展望、长三角资源效率提升的潜力与协同行为、长三角地区空间生态冲突演变与预警调控对策研究等。 |
| ● |
| 相关链接 |
|
|
|
正题名:上海资源环境发展报告
索取号:X372.51/Z765
 
预约/预借
| 序号 | 登录号 | 条形码 | 馆藏地/架位号 | 状态 | 备注 |
| 1 | 1490549 | 214905496 | 自科库501/501自科库 67排2列4层/ [索取号:X372.51/Z765] | 在馆 |